Before your memory fades /

Bibliographic Details
Main Author: Kawaguchi, Toshikazu, 1971- (Author)
Other Authors: Trousselot, Geoffrey (Translator)
Format: Book
Language:English
Japanese
Published: London : Picador, 2022.
Subjects:
Classic Catalogue: View this record in Classic Catalogue
LEADER 01767nam a2200433 i 4500
001 44504
003 BD-DhAAL
005 20250723150641.0
008 250723t2022 enk 000 1 eng d
010 |a  2022367179 
020 |a 9781529089431 
020 |a 1529089433 
020 |a 1035004615 
020 |a 9781035004614 
020 |z 9781529089448 (ePub ebook) 
035 |a 23296160 
040 |a DLC  |b eng  |e rda  |c DLC  |d BD-DhAAL 
041 1 |a eng  |h jpn 
042 |a pcc 
050 0 0 |a PL872.5.A85  |b O4613 2022 
082 |a 895.636  |2 23 
100 1 |a Kawaguchi, Toshikazu,  |d 1971-  |e author.  |9 58668 
240 1 0 |a Omoide ga kienai uchi ni.  |l English 
245 1 0 |a Before your memory fades /  |c Toshikazu Kawaguchi ; translated from the Japanese by Geoffrey Trousselot. 
260 |a London :  |b Picador,  |c 2022. 
300 |a 237 pages ;  |c 20 cm 
500 |a The third novel in the Before the coffee gets cold series. 
500 |a First published. 
505 |a The daughter -- The comedian -- The sister -- The young man. 
541 |a Donated by Farhana Zahir, Assistant Professor, BRAC Business School  |e 44504 
546 |a Translated from the Japanese. 
650 0 |a Coffeehouses  |z Japan  |z Tokyo  |v Fiction.  |9 58669 
650 0 |a Time travel  |v Fiction.  |9 58670 
650 0 |a Japanese fiction.  |9 29355 
700 |a Trousselot, Geoffrey,  |e translator.  |9 58680 
852 |a Ayesha Abed Library  |c General Stacks 
942 |2 ddc  |c BK 
999 |c 47348  |d 47348 
952 |0 0  |1 0  |2 ddc  |4 0  |6 895_636000000000000_KAW  |7 0  |9 77896  |a BRACUL  |b BRACUL  |c NEW  |d 2025-07-23  |e Donated by Farhana Zahir, Assistant Professor, BRAC Business School  |l 3  |m 32  |o 895.636 KAW  |p 3010044504  |r 2026-04-19  |s 2026-02-02  |t 1  |w 2025-07-23  |y BK  |x Donated by Farhana Zahir, Assistant Professor, BRAC Business School ;